Srovnatelnost není rovnost Diskuse nad postavením soukromého školství

Vznik súkromného školstva v ČR po novembri 1989. Veľkorysá podpora súkromného školstva zo strany štátu. Súkromné školstvo a jeho financovanie v Európe. Pojem porovnateľnosti a rovnosti podmienok pre jednotlivé typy škôl. Postavenie verejného školstva v Európe a v Českej republike. Trhové podmienky a...

Descrizione completa

Salvato in:
Dettagli Bibliografici
Autore principale: Pilip, I.
Natura: Capitolo di libro
Lingua:ceco
Soggetti:
Tags: Aggiungi Tag
Nessun Tag, puoi essere il primo ad aggiungerne!!

MARC

LEADER 00000naa a2200000 4500
001 r016577
005 20221205101446.2
041 0 |a cze 
044 |a CZ 
245 1 0 |a Srovnatelnost není rovnost  |b Diskuse nad postavením soukromého školství  |c I. Pilip 
520 |a Vznik súkromného školstva v ČR po novembri 1989. Veľkorysá podpora súkromného školstva zo strany štátu. Súkromné školstvo a jeho financovanie v Európe. Pojem porovnateľnosti a rovnosti podmienok pre jednotlivé typy škôl. Postavenie verejného školstva v Európe a v Českej republike. Trhové podmienky a školstvo. Dane a dotácie. Budúcnosť súkromných škôl a štátne dotácie. 
610 2 0 |a školy súkromné 
610 2 0 |a dotácie 
610 2 0 |a dane 
610 2 0 |a Česko 
100 1 |a Pilip, I.